| 000 | 00559nam a2200181 a 4500 | ||
|---|---|---|---|
| 001 | 000012237 | ||
| 005 | 20200929162745.0 | ||
| 008 | 091106s1972 ve a 001 f spa d | ||
| 040 |
_aDO-SdBNP _bspa _cBNPHU |
||
| 082 |
_aV863.44 _bM183r |
||
| 100 | 1 |
_aMadrid, Antonieta, _d1946- _928885 |
|
| 245 | 1 | 0 |
_aReliquias de trapo : _brelatos / _cAntonieta Madrid. |
| 260 |
_aCaracas, (Venezuela) : _bMonte Ávila, _c1972. |
||
| 300 |
_a192 p. : _bil. ; _c19 cm. |
||
| 650 | 4 |
_aNovela venezolana _93962 |
|
| 650 | 4 |
_aLiteratura venezolana _ySIGLO XX _99777 |
|
| 049 | _aBNGR | ||
| 999 |
_c11896 _d11896 |
||